00822nam a2200169 a 450000100100000000500170001000800410002704000250006808200160009311000330010924503010014226000480044330000200049104900090051195201150052099900170063500003357720200930070347.0110831s1859 dr 000 0 spa d aDO-SdBNPbspacBNPHU axxxxbR426m1 aRepública Dominica.95907210aMemoria acerca de las circunstancias y principales y principales causas que provocaron los sucesos políticos ocurridos en la República desde el año de 1856 hasta el alzamiento Nacional de Inlio de 1857, dirijida por el Secretario encargado de las Relaciones Exteriores /cDon Pedro Santana. a[Santo Domingo] :bImpreta Nacional,c1859. a46 p. ;c21 cm. aBNGR 00107-18PDaPDbPDcOId2011-08-31iLF1l0oxxxx R426mp33577-10r2020-06-25w2020-06-25yLFPDZNo se presta c33068d33068